LEADER 01249nam a2200241 i 4500 001 000000333072 003 CaOOAMICUS 005 20221005143612.0 008 190325s1741 ne u000 u fre u 026 $ae-i- n-n- lans tiLo (3) 1741 (R) 040 $aSeMil$bita 100 1 $aBoullier, David Renauld,$d<1699-1759>.$0(OLS)http://semarc/name/109236 245 10$aTome premier. 264 1$aA Amsterdam :$bChez Jean Catuffe,$c1741. 300 $a[44], 323, [1] p. ;$c12° (lungo) 500 $aSegn.: *12(-*11-12) 2*12, A-N12 O6 752 $aNE$dAmsterdam 773 0 $aBoullier, David Renauld <1699-1759>$tLettres sur les vrais principes de la religion, où l'on examine un livre intitulé La religion essentielle a l'homme. On y a joint une defense des Pensées de Pascal contre la critique de Mr. de Voltaire, et trois lettres relatives a la philosophie de ce poëte. Tome premier [-second].$dA Amsterdam : Chez Jean Catuffe, 1741.$w()333071 850 $aSeMil 852 $aSeMil$W1$xVenegono$y1$m3X I 114 FA$j211777$B225245$CSeMilBibl$Z2$F225245 $8I 996 $6245$aTome premier$9(OLS)http://semarc/title/14439 996 $6264$aA Amsterdam :$bChez Jean Catuffe$9(OLS)http://semarc/publisher/58184 LEADER 01266nam a2200289 i 4500 001 000000124609 003 CaOOAMICUS 005 20040510000000.0 008 040510s1991 it u000 u ita u 013 $a97306 040 $aSeMil$bita 100 1 $aZorzi, Alvise,$d<1922-2016>.$0(OLS)http://semarc/name/19305 240 10$aS. Marco a Venezia.$0(OLS)http://semarc/title/183371 245 13$aLa cappella del Doge /$cAlvise Zorzi ; fotografie di Fulvio Roiter. 260 $aRoma :$bEdizioni Fotogramma,$cstampa 1991. 300 $a125 p. :$briccamente ill. ;$c31 cm. 490 0 $aUna chiesa, una città 500 $aA piè del front. : Istituto di Credito Fondiario delle Venezie. - Fondo Card. C.M. Martini. 650 4$aVenezia - Chiese - San Marco.$0(OLS)http://semarc/subject/23612 700 1 $aRoiter, Fulvio,$d<1926-2016>.$0(OLS)http://semarc/name/42456 830 4$aUna chiesa, una città.$0(OLS)http://semarc/title/15308 850 $aSeMil 852 $aSeMil$W1$xVenegono$y1$m5P X 4$j79151$B79151$CSeMilBibl$Z2$F82723 $8I 941 1 $a4 961 $aOmaggio: Martini Card. Carlo Maria 996 $6245$aLa cappella del Doge$9(OLS)http://semarc/title/183370 996 $6260$aRoma :$bEdizioni Fotogramma$9(OLS)http://semarc/publisher/33194